00809nam a2200205 i 450000100060000000300090000600500170001500700030003200800410003510000350007624501870011125000150029826000340031330000220034770000350036970000280040485200320043299900170046495201220048188566ES-MaACL20230906175901.0t|050105s1966 sp ||||1| cat d1 aLandsberg, Paul Ludwig.96997510aReflexions sobre el suicidi i la mort / cPaul Ludwig Landsberg ; [traductor catalá Ramón Rabassa i Riu ; práoleg Paul Ludwig Landsberg ; vida, obra i mort per Jordi Maragall]. a[1ª ed.]. aBarcelona : bAriel, c[1966] a149 p. ; c19 cm.1 aRabassa i Riu, Ramón.9948471 aMaragall, Jordi.976292 aES-MaACLjC-29921 bR.60189 c88566d88566 00104070aATENEOMbATENEOMcDEPO2d2008-01-17eSCl0oC-29921p1092512r2023-02-23 00:00:00w2023-02-23yMONOGRAFIA